[Event "22ème Open de Saint-Affrique"]
[Site "Saint Affrique (12)"]
[Date "2014.07.19"]
[Round "1.60"]
[White "Jackson, Thomas"]
[Black "Boyd, Emilie"]
[Result "1-0"]
[WhiteElo "1694"]
[BlackElo "1192"]
[PlyCount "49"]
[EventDate "2014.??.??"]
[Source "Sylvain Rivier"]
[SourceDate "2014.07.26"]

1. d4 d5 2. Bg5 Nc6 3. Nf3 Nf6 4. Bxf6 gxf6 5. e3 e5 6. c3 Be6 7. Bb5 Qd7 8.
dxe5 fxe5 9. Nxe5 Qd6 10. Qa4 Bd7 11. Nxd7 Qxd7 12. Bxc6 Qxc6 13. Qxc6+ bxc6
14. O-O Rb8 15. b3 Bg7 16. Rc1 Rg8 17. Nd2 c5 18. Nf3 Rd8 19. Rab1 d4 20. cxd4
cxd4 21. exd4 Bxd4 22. Nxd4 Rxd4 23. Rxc7 Rd2 24. Rxa7 Rxa2 25. Rxa2 1-0

[Event "22ème Open de Saint-Affrique"]
[Site "Saint Affrique (12)"]
[Date "2014.07.19"]
[Round "1.61"]
[White "Daures, Florian"]
[Black "Joyeux, Gerard"]
[Result "0-1"]
[WhiteElo "1160"]
[BlackElo "1692"]
[PlyCount "120"]
[EventDate "2014.??.??"]
[Source "Sylvain Rivier"]
[SourceDate "2014.07.26"]

1. e4 c5 2. c3 d6 3. d4 cxd4 4. Qxd4 Nc6 5. Qd1 Nf6 6. Nf3 Nxe4 7. Bc4 e6 8.
Qe2 Nf6 9. Bg5 Be7 10. O-O a6 11. h3 h6 12. Bxf6 Bxf6 13. Na3 O-O 14. Qe4 d5
15. Rfd1 dxe4 16. Rxd8 exf3 17. Rxf8+ Kxf8 18. gxf3 b5 19. Bd3 Bb7 20. Rd1 Ke7
21. Kg2 b4 22. cxb4 Nxb4 23. Nc4 Nxd3 24. Rxd3 Rd8 25. Rb3 Bd5 26. Rb4 Bxc4 27.
Rxc4 Bxb2 28. Rc7+ Ke8 29. Ra7 Rd6 30. Ra8+ Ke7 31. Ra7+ Kf6 32. Rb7 Bc1 33.
Rc7 Bd2 34. Rc2 a5 35. Kf1 Bb4 36. f4 Rd4 37. Ke2 Rxf4 38. Rb2 Rh4 39. Rb3 Rc4
40. Kd3 Rc5 41. Kd4 Rd5+ 42. Kc4 Rd2 43. a3 Rxf2 44. Rxb4 Rf4+ 45. Kc5 axb4 46.
axb4 Ke7 47. b5 Kd7 48. b6 Kc8 49. Kc6 Kb8 50. b7 Rb4 51. Kd7 e5 52. Ke7 Rxb7+
53. Kd6 e4 54. Kd5 e3 55. Kd4 e2 56. Kd3 e1=Q 57. Kd4 Rd7+ 58. Kc5 Qc1+ 59. Kb6
Rb7+ 60. Ka5 Qa1# 0-1

[Event "22ème Open de Saint-Affrique"]
[Site "Saint Affrique (12)"]
[Date "2014.07.19"]
[Round "1.62"]
[White "Noireaut, Hoan"]
[Black "Bernard, Elodie"]
[Result "1-0"]
[WhiteElo "1674"]
[BlackElo "1113"]
[PlyCount "51"]
[EventDate "2014.??.??"]
[Source "Sylvain Rivier"]
[SourceDate "2014.07.26"]

1. d4 d5 2. Bf4 Nc6 3. e3 Nf6 4. c3 e6 5. Bd3 Bd6 6. Bg3 O-O 7. Nf3 Re8 8. Nbd2
e5 9. dxe5 Bxe5 10. Nxe5 Nxe5 11. Bc2 c5 12. O-O d4 13. Bxe5 Rxe5 14. Nf3 Rd5
15. Bb3 Rd6 16. cxd4 cxd4 17. Nxd4 Be6 18. Bxe6 fxe6 19. Qb3 Qd7 20. Rfd1 Rd8
21. Rd3 Kf8 22. Rad1 e5 23. Ne6+ Ke7 24. Rxd6 Qc8 25. Nxd8 Ne8 26. Qf7# 1-0

[Event "22ème Open de Saint-Affrique"]
[Site "Saint Affrique (12)"]
[Date "2014.07.19"]
[Round "1.63"]
[White "Salvador, Thomas"]
[Black "Nguyen, Gael"]
[Result "0-1"]
[WhiteElo "1110"]
[BlackElo "1670"]
[PlyCount "56"]
[EventDate "2014.??.??"]
[Source "Sylvain Rivier"]
[SourceDate "2014.07.26"]

1. e4 c5 2. Nf3 e6 3. Nc3 Nc6 4. Bc4 g6 5. d4 cxd4 6. Nxd4 Bg7 7. Nxc6 bxc6 8.
O-O d5 9. exd5 cxd5 10. Bxd5 exd5 11. Nxd5 Nf6 12. Nxf6+ Qxf6 13. Re1+ Be6 14.
c3 O-O 15. Be3 Qh4 16. h3 Rfb8 17. Qd2 Qa4 18. Qd3 Rxb2 19. Re2 Rxe2 20. Qxe2
Bxc3 21. Rd1 Qxa2 22. Qxa2 Bxa2 23. Rd3 Bf6 24. Ra3 Bd5 25. Bh6 Rb8 26. Rxa7
Rb1+ 27. Kh2 Be5+ 28. g3 Rh1# 0-1

[Event "22ème Open de Saint-Affrique"]
[Site "Saint Affrique (12)"]
[Date "2014.07.19"]
[Round "1.64"]
[White "Robic, Damien"]
[Black "Alfonso, Jonathan"]
[Result "1-0"]
[WhiteElo "1663"]
[BlackElo "1099"]
[PlyCount "75"]
[EventDate "2014.??.??"]
[Source "Sylvain Rivier"]
[SourceDate "2014.07.26"]

1. e4 e6 2. d4 d5 3. exd5 exd5 4. Bd3 Nf6 5. Bg5 Be7 6. Nf3 Bg4 7. Nbd2 Nc6 8.
c3 O-O 9. O-O Qd6 10. Qc2 g6 11. Rfe1 Rae8 12. Bh6 Bxf3 13. Nxf3 Ng4 14. Bxf8
Kxf8 15. h3 Nf6 16. Ne5 Nd7 17. Nxd7+ Qxd7 18. Re3 Bh4 19. Rxe8+ Qxe8 20. Qe2
Qd8 21. Re1 Kg7 22. Qe8 Qf6 23. Re2 Ne7 24. g3 Bg5 25. f4 Bh6 26. Qxe7 Qxe7 27.
Rxe7 g5 28. fxg5 Bxg5 29. Rxc7 h5 30. Rxb7 a5 31. b4 axb4 32. cxb4 Kh6 33. Rxf7
Be3+ 34. Kg2 Bxd4 35. h4 Bg7 36. b5 d4 37. b6 Bf6 38. Rh7# 1-0

[Event "22ème Open de Saint-Affrique"]
[Site "Saint Affrique (12)"]
[Date "2014.07.19"]
[Round "1.65"]
[White "Barascud, Rebecca"]
[Black "Sempe, Pierre"]
[Result "0-1"]
[WhiteElo "1020"]
[BlackElo "1659"]
[PlyCount "76"]
[EventDate "2014.??.??"]
[Source "Sylvain Rivier"]
[SourceDate "2014.07.26"]

1. e4 e5 2. Nf3 Nc6 3. Nc3 Nf6 4. Bb5 d6 5. O-O Be7 6. d3 h6 7. Be3 O-O 8. Bxc6
bxc6 9. d4 exd4 10. Nxd4 Qd7 11. Nf5 Re8 12. h3 Bf8 13. Bd4 Nxe4 14. Qf3 Qxf5
15. Qe2 Bd7 16. Nd1 Qg6 17. Qf3 Nd2 18. Qd3 Qxd3 19. cxd3 Nxf1 20. Kxf1 Bf5 21.
Kg1 Re1+ 22. Kh2 Bxd3 23. Rc1 c5 24. Bc3 Rf1 25. Kg3 Be2 26. Bd2 Rxd1 27. Rxd1
Bxd1 28. f3 Rb8 29. Bc3 d5 30. b3 Bc2 31. Kf4 Bb1 32. Ke5 d4 33. Bd2 Bd6+ 34.
Kd5 Bxa2 35. Kc6 Rb6+ 36. Kd7 Bxb3 37. Ba5 Be6+ 38. Ke8 Rb8# 0-1

[Event "22ème Open de Saint-Affrique"]
[Site "Saint Affrique (12)"]
[Date "2014.07.19"]
[Round "1.66"]
[White "Jackson, Daniel"]
[Black "Mouton, Aline"]
[Result "1-0"]
[WhiteElo "1657"]
[BlackElo "1010"]
[PlyCount "21"]
[EventDate "2014.??.??"]
[Source "Sylvain Rivier"]
[SourceDate "2014.07.26"]

1. d4 d5 2. Nf3 Nf6 3. Bf4 e6 4. c4 Bb4+ 5. Nc3 O-O 6. Rc1 Ne4 7. e3 Nxc3 8.
bxc3 c6 9. cxb4 dxc4 10. Bxc4 b5 11. Bd3 {suite illisible} 1-0

[Event "22ème Open de Saint-Affrique"]
[Site "Saint Affrique (12)"]
[Date "2014.07.20"]
[Round "2.1"]
[White "Arcusa, Michel"]
[Black "Degraeve, Jean-Marc"]
[Result "0-1"]
[WhiteElo "1865"]
[BlackElo "2579"]
[PlyCount "66"]
[EventDate "2014.??.??"]
[Source "Sylvain Rivier"]
[SourceDate "2014.07.26"]

1. d4 Nf6 2. c4 g6 3. Nc3 Bg7 4. e4 d6 5. f3 O-O 6. Be3 c5 7. dxc5 dxc5 8. Qxd8
Rxd8 9. Bxc5 Nc6 10. Be3 Nd7 11. Rc1 Nde5 12. Rd1 Rxd1+ 13. Nxd1 Be6 14. b3 Nb4
15. a4 Nc2+ 16. Kd2 Na3 17. f4 Rd8+ 18. Ke1 Nc2+ 19. Ke2 Nxc4 20. bxc4 Bxc4+
21. Kf2 Bxf1 22. Kxf1 Rxd1+ 23. Ke2 Nxe3 24. e5 e6 25. Kxe3 Bf8 26. Ke2 Ra1 27.
h4 Bc5 28. Rh3 Rxg1 29. Rc3 b6 30. g3 Ra1 31. Rc4 h5 32. Kf3 Ra2 33. Re4 Rf2#
0-1

[Event "22ème Open de Saint-Affrique"]
[Site "Saint Affrique (12)"]
[Date "2014.07.20"]
[Round "2.2"]
[White "Libiszewski, Fabien"]
[Black "Danielian, Kevin"]
[Result "1-0"]
[WhiteElo "2523"]
[BlackElo "1848"]
[PlyCount "53"]
[EventDate "2014.??.??"]
[Source "Sylvain Rivier"]
[SourceDate "2014.07.26"]

1. e4 e6 2. d3 d5 3. Qe2 Nf6 4. Nf3 dxe4 5. dxe4 Nbd7 6. e5 Nd5 7. c4 Ne7 8.
Nc3 Ng6 9. h4 b6 10. h5 Ne7 11. Bf4 Nc6 12. h6 g6 13. O-O-O Be7 14. Nd5 O-O 15.
Nxe7+ Qxe7 16. Kb1 Rb8 17. Qe4 Na5 18. Bg5 Qb4 19. Qf4 Re8 20. Be2 Nb7 21. Rd2
Nbc5 22. a3 Qa4 23. Rhd1 f5 24. exf6 Rf8 25. Ne5 Nxe5 26. Qxe5 Bb7 27. f7+ 1-0

[Event "22ème Open de Saint-Affrique"]
[Site "Saint Affrique (12)"]
[Date "2014.07.20"]
[Round "2.3"]
[White "Baudewyn, Ludovic"]
[Black "Flear, Glenn C"]
[Result "0-1"]
[WhiteElo "1843"]
[BlackElo "2464"]
[PlyCount "80"]
[EventDate "2014.??.??"]
[Source "Sylvain Rivier"]
[SourceDate "2014.07.26"]

1. d4 Nf6 2. c4 g6 3. Nc3 d5 4. cxd5 Nxd5 5. e4 Nxc3 6. bxc3 Bg7 7. Bc4 c5 8.
Ne2 Nc6 9. Be3 O-O 10. O-O Qc7 11. Rc1 Rd8 12. Qd2 b6 13. f4 Bb7 14. Bd3 e6 15.
Qe1 Qe7 16. Qf2 cxd4 17. cxd4 Nb4 18. Bb1 Ba6 19. Rfd1 Rac8 20. Rxc8 Rxc8 21.
Rc1 Rxc1+ 22. Bxc1 Bxe2 23. Qxe2 Bxd4+ 24. Kf1 Qc7 25. Bd2 Bc3 26. Be3 Qd6 27.
h3 a6 28. e5 Qd8 29. Kf2 Bd4 30. g3 h5 31. g4 Qh4+ 32. Kg2 Bxe3 33. Qxe3 hxg4
34. hxg4 Qxg4+ 35. Kf2 Nd5 36. Qf3 Qh4+ 37. Qg3 Qxf4+ 38. Qxf4 Nxf4 39. Ke3 g5
40. Kd4 Kg7 0-1

[Event "22ème Open de Saint-Affrique"]
[Site "Saint Affrique (12)"]
[Date "2014.07.20"]
[Round "2.4"]
[White "Karpatchev, Aleksandr"]
[Black "Van Lerberghe, Luc"]
[Result "1-0"]
[WhiteElo "2442"]
[BlackElo "1830"]
[PlyCount "75"]
[EventDate "2014.??.??"]
[Source "Sylvain Rivier"]
[SourceDate "2014.07.26"]

1. e4 c5 2. c3 d5 3. exd5 Qxd5 4. Nf3 Bg4 5. Be2 e5 6. h3 Bh5 7. O-O Nf6 8. Re1
Be7 9. Qa4+ Nc6 10. d3 O-O 11. Na3 a6 12. Bg5 Rfe8 13. Qh4 Bg6 14. Nc4 Rad8 15.
Ne3 Qe6 16. Qc4 Qd6 17. Rad1 b5 18. Qh4 h6 19. Bxf6 Bxf6 20. Qg3 Qe6 21. Ng4
Rd6 22. Nxf6+ Qxf6 23. Nd2 Red8 24. Qe3 Bxd3 25. Bxd3 Rxd3 26. Ne4 Rxe3 27.
Nxf6+ gxf6 28. Rxd8+ Nxd8 29. fxe3 Kf8 30. Kf2 Ne6 31. Kf3 f5 32. g4 Ng5+ 33.
Kg3 fxg4 34. Kxg4 f6 35. h4 Nf7 36. Kf5 Ke7 37. Kg6 Ke6 38. e4 1-0

[Event "22ème Open de Saint-Affrique"]
[Site "Saint Affrique (12)"]
[Date "2014.07.20"]
[Round "2.5"]
[White "Grimault, Nathan"]
[Black "Mullon, Jean-Baptiste"]
[Result "0-1"]
[WhiteElo "1820"]
[BlackElo "2436"]
[PlyCount "44"]
[EventDate "2014.??.??"]
[Source "Sylvain Rivier"]
[SourceDate "2014.07.26"]

1. c4 Nf6 2. Nc3 e5 3. g3 d5 4. cxd5 Nxd5 5. Bg2 Nb6 6. Nf3 Nc6 7. d3 Be7 8.
O-O O-O 9. a4 a5 10. Be3 Re8 11. Nd2 Nd4 12. Nb5 c6 13. Bxd4 exd4 14. Na3 Bg4
15. Nf3 Bf8 16. b3 Nd5 17. Re1 Bb4 18. Nxd4 Nc3 19. Nxc6 bxc6 20. Qc1 Nxe2+ 21.
Rxe2 Rxe2 22. Nc2 Qf6 0-1

[Event "22ème Open de Saint-Affrique"]
[Site "Saint Affrique (12)"]
[Date "2014.07.20"]
[Round "2.6"]
[White "Milchev, Nikolay"]
[Black "Riviere, Gerard"]
[Result "1-0"]
[WhiteElo "2424"]
[BlackElo "1791"]
[PlyCount "102"]
[EventDate "2014.??.??"]
[Source "Sylvain Rivier"]
[SourceDate "2014.07.26"]

1. d4 Nf6 2. Bg5 e6 3. Nd2 d5 4. Ngf3 Nbd7 5. e3 h6 6. Bh4 a6 7. Bd3 c5 8. c3
Be7 9. O-O O-O 10. Ne5 Nxe5 11. dxe5 Nd7 12. Bxe7 Qxe7 13. f4 f5 14. exf6 Nxf6
15. Nf3 Bd7 16. Ne5 Be8 17. Qf3 Rc8 18. Rae1 Rc7 19. Qh3 Ne4 20. Bxe4 dxe4 21.
Rd1 Rf6 22. Rf2 c4 23. Rd4 b5 24. Rxe4 b4 25. Rd4 bxc3 26. bxc3 Bg6 27. Rfd2
Bd3 28. Qf3 Qa3 29. Rd8+ Kh7 30. Nxd3 cxd3 31. Qe4+ g6 32. R2xd3 Qc1+ 33. Kf2
Qb2+ 34. Kf3 Qb7 35. Qxb7 Rxb7 36. R8d7+ Rf7 37. Rxf7+ Rxf7 38. Rd6 e5 39. Rxa6
exf4 40. exf4 Rc7 41. Ra3 Rc4 42. Ke3 g5 43. fxg5 hxg5 44. Kd3 Rf4 45. c4 Rf2
46. c5 Rxg2 47. c6 Rxh2 48. Rc3 Rxa2 49. c7 Ra8 50. c8=Q Rxc8 51. Rxc8 Kg6 1-0

[Event "22ème Open de Saint-Affrique"]
[Site "Saint Affrique (12)"]
[Date "2014.07.20"]
[Round "2.7"]
[White "Clair, Michael"]
[Black "Petrossian, Armen"]
[Result "0-1"]
[WhiteElo "1806"]
[BlackElo "2380"]
[PlyCount "34"]
[EventDate "2014.??.??"]
[Source "Sylvain Rivier"]
[SourceDate "2014.07.26"]

1. d4 Nf6 2. c4 c5 3. Nf3 e6 4. Nc3 cxd4 5. Nxd4 Nc6 6. Nc2 d5 7. e3 Be7 8. b3
O-O 9. Bb2 Qa5 10. f3 Rd8 11. Qe2 Bd7 12. cxd5 Nxd5 13. Qb5 Qxb5 14. Bxb5 Ncb4
15. Nxd5 Nxc2+ 16. Kf2 Bh4+ 17. g3 Bxb5 0-1

[Event "22ème Open de Saint-Affrique"]
[Site "Saint Affrique (12)"]
[Date "2014.07.20"]
[Round "2.8"]
[White "Kukov, Velislav"]
[Black "Viguie, Serge"]
[Result "1-0"]
[WhiteElo "2369"]
[BlackElo "1783"]
[PlyCount "97"]
[EventDate "2014.??.??"]
[Source "Sylvain Rivier"]
[SourceDate "2014.07.26"]

1. d4 Nf6 2. Bg5 e6 3. e4 Be7 4. Bd3 h6 5. Bxf6 Bxf6 6. e5 Be7 7. Qg4 Bf8 8.
Nc3 d5 9. Nf3 b6 10. O-O Ba6 11. Nb5 Bxb5 12. Bxb5+ c6 13. Bd3 Nd7 14. c4 g5
15. cxd5 cxd5 16. Rac1 Be7 17. Qh5 Kf8 18. h3 Kg7 19. Nh2 Nf8 20. f4 Ng6 21.
fxg5 Qe8 22. Bxg6 fxg6 23. gxh6+ Rxh6 24. Qf3 Rh5 25. Ng4 Rf5 26. Qe3 Bg5 27.
Rc7+ Kh8 28. Qxg5 Rxg5 29. Nf6 Rh5 30. Nxe8 Rxe8 31. Kh2 Rh7 32. Rxh7+ Kxh7 33.
Rf7+ Kh6 34. Rxa7 Rc8 35. Re7 Rc6 36. h4 g5 37. Kh3 gxh4 38. Kxh4 Kg6 39. g4 b5
40. b3 b4 41. Rb7 Rc1 42. Rxb4 Rh1+ 43. Kg3 Rg1+ 44. Kf3 Kg5 45. a4 Rxg4 46. a5
Rf4+ 47. Ke3 Rf7 48. a6 Ra7 49. Ra4 1-0

[Event "22ème Open de Saint-Affrique"]
[Site "Saint Affrique (12)"]
[Date "2014.07.20"]
[Round "2.9"]
[White "Bouchet, Jean-Louis"]
[Black "Oganisian, Roman"]
[Result "0-1"]
[WhiteElo "1795"]
[BlackElo "2245"]
[PlyCount "37"]
[EventDate "2014.??.??"]
[Source "Sylvain Rivier"]
[SourceDate "2014.07.26"]

1. d4 e6 2. e4 d5 3. e5 c5 4. c3 Nc6 5. Nf3 h6 6. a3 g5 7. h3 Bd7 8. Be2 Qc7 9.
Bd2 O-O-O 10. b4 c4 11. a4 f6 12. b5 Na5 13. exf6 Nxf6 14. Ne5 Rg8 15. Ra2 Nb3
16. O-O Ne4 17. Be1 Bg7 18. Nxd7 Rxd7 19. Bg4 {suite illisible} 0-1

[Event "22ème Open de Saint-Affrique"]
[Site "Saint Affrique (12)"]
[Date "2014.07.20"]
[Round "2.10"]
[White "Benmesbah, Natacha"]
[Black "Baudry, Remi"]
[Result "0-1"]
[WhiteElo "2224"]
[BlackElo "1770"]
[PlyCount "96"]
[EventDate "2014.??.??"]
[Source "Sylvain Rivier"]
[SourceDate "2014.07.26"]

1. e4 d6 2. d4 e5 3. Nf3 Nd7 4. Bc4 c6 5. a4 Be7 6. Nc3 Ngf6 7. O-O O-O 8. Qe2
Qc7 9. Rd1 a5 10. h3 h6 11. Bb3 Rb8 12. Be3 Ne8 13. Nh2 Bf6 14. Ng4 Be7 15.
dxe5 dxe5 16. Bxh6 Nc5 17. Be3 Nxb3 18. cxb3 Be6 19. Qc2 f6 20. Rac1 Bb4 21.
Ne2 Qf7 22. Rd3 Nd6 23. Ng3 b6 24. Qd1 Qc7 25. Bd2 Bxd2 26. Qxd2 Nb7 27. b4
axb4 28. Qxb4 Nc5 29. Rdc3 Rfd8 30. Qa3 Ra8 31. b3 Qf7 32. Nf5 Kh7 33. f3 Bxb3
34. Qb4 Be6 35. Ra1 Nb3 36. Re1 c5 37. Qxb6 Rd2 38. Rb1 c4 39. Nge3 Rad8 40.
Qa6 Nd4 41. Rb7 Ne2+ 42. Kh2 Bd7 43. Qxc4 Qg6 44. Rc2 Bxf5 45. Nxf5 Rxc2 46.
Qxc2 Nd4 47. Qc7 Nxf3+ 48. gxf3 Rd2+ 0-1

[Event "22ème Open de Saint-Affrique"]
[Site "Saint Affrique (12)"]
[Date "2014.07.20"]
[Round "2.11"]
[White "Claisse, Patrick"]
[Black "Daurelle, Herve"]
[Result "0-1"]
[WhiteElo "1788"]
[BlackElo "2189"]
[PlyCount "58"]
[EventDate "2014.??.??"]
[Source "Sylvain Rivier"]
[SourceDate "2014.07.26"]

1. e4 c5 2. Nf3 d6 3. d4 cxd4 4. Nxd4 Nf6 5. Nc3 g6 6. Be2 Bg7 7. Be3 Nc6 8.
O-O O-O 9. Nb3 Be6 10. Nd4 Bd7 11. f4 Qb6 12. Qd3 Qxb2 13. Rab1 Qa3 14. Rxb7
Rab8 15. Rb3 Rxb3 16. axb3 Nb4 17. Qd1 Rc8 18. Bc4 Rxc4 19. Ndb5 Rxc3 20. Nxa3
Rxe3 21. e5 dxe5 22. fxe5 Rxe5 23. Rxf6 Rd5 24. Qe1 Nxc2 25. Nxc2 Bxf6 26. Qe4
Rd1+ 27. Kf2 Kg7 28. Qe2 Rd6 29. Qe3 Bf5 0-1

[Event "22ème Open de Saint-Affrique"]
[Site "Saint Affrique (12)"]
[Date "2014.07.20"]
[Round "2.12"]
[White "Sanchez, Nicolas"]
[Black "Vignette, Jeanne"]
[Result "1-0"]
[WhiteElo "2178"]
[BlackElo "1758"]
[PlyCount "101"]
[EventDate "2014.??.??"]
[Source "Sylvain Rivier"]
[SourceDate "2014.07.26"]

1. d4 Nf6 2. c4 g6 3. Nf3 Bg7 4. Nc3 d5 5. cxd5 Nxd5 6. e4 Nxc3 7. bxc3 c5 8.
Rb1 O-O 9. Be2 Nc6 10. d5 Bxc3+ 11. Bd2 Bxd2+ 12. Qxd2 Nd4 13. Nxd4 cxd4 14.
Qxd4 Qa5+ 15. Qd2 Qxd2+ 16. Kxd2 Rd8 17. Ke3 b6 18. Rhc1 e6 19. Bc4 exd5 20.
Bxd5 Rb8 21. Rc7 Be6 22. Bxe6 fxe6 23. Rxa7 Rdc8 24. Rd1 Rd8 25. Rxd8+ Rxd8 26.
a4 Rc8 27. Rb7 Rc6 28. Kf4 Rc2 29. Kg3 Rc6 30. e5 Rc5 31. f4 g5 32. Rxb6 Kf7
33. Kg4 gxf4 34. Kxf4 h6 35. Rb4 Rc2 36. g4 Rxh2 37. Rb7+ Ke8 38. a5 Ra2 39.
Ra7 Ra4+ 40. Kg3 Re4 41. a6 Ra4 42. Kh4 Ra5 43. Kh5 Rxe5+ 44. Kxh6 Ra5 45. g5
Ra1 46. Ra8+ Kf7 47. g6+ Kf6 48. Rf8+ Ke7 49. Rf7+ Ke8 50. a7 e5 51. Kg7 1-0

[Event "22ème Open de Saint-Affrique"]
[Site "Saint Affrique (12)"]
[Date "2014.07.20"]
[Round "2.13"]
[White "Penalver, Francois"]
[Black "Mania, Clement"]
[Result "0-1"]
[WhiteElo "1780"]
[BlackElo "2177"]
[PlyCount "74"]
[EventDate "2014.??.??"]
[Source "Sylvain Rivier"]
[SourceDate "2014.07.26"]

1. e4 g6 2. d4 Bg7 3. c3 d6 4. Bd3 Nh6 5. Nf3 O-O 6. O-O Kh8 7. Re1 Nd7 8. Nbd2
e5 9. d5 f5 10. exf5 gxf5 11. Bc2 Nf6 12. Nf1 c6 13. Bg5 e4 14. Nd4 cxd5 15.
Bb3 Nf7 16. Bh4 Ne5 17. Bxd5 Ng6 18. Bxf6 Qxf6 19. Qd2 Ne5 20. f4 Nd3 21. Ng3
Nxe1 22. Rxe1 Qg6 23. Bc4 Bd7 24. Nc2 Rad8 25. Be2 d5 26. Nh5 Rg8 27. Nxg7 Rxg7
28. Bf1 Qb6+ 29. Nd4 a6 30. Kh1 Rg4 31. Be2 Rh4 32. Bf1 Rg8 33. Ne2 Qf2 34.
Qd4+ Qxd4 35. cxd4 Bb5 36. g3 Bxe2 37. gxh4 Bf3+ 0-1

[Event "22ème Open de Saint-Affrique"]
[Site "Saint Affrique (12)"]
[Date "2014.07.20"]
[Round "2.14"]
[White "Carre, Sylvain"]
[Black "De Muyser, Xavier"]
[Result "1/2-1/2"]
[WhiteElo "2172"]
[BlackElo "1723"]
[PlyCount "66"]
[EventDate "2014.??.??"]
[Source "Sylvain Rivier"]
[SourceDate "2014.07.26"]

1. d4 f5 2. g3 d6 3. c4 e5 4. dxe5 dxe5 5. Qxd8+ Kxd8 6. Nc3 Nf6 7. Bg5 c6 8.
Nf3 Bd6 9. Bh3 Rf8 10. c5 Bxc5 11. Nxe5 Be7 12. O-O Ng4 13. Rfd1+ Ke8 14. Bxe7
Kxe7 15. Nxg4 fxg4 16. Bg2 Nd7 17. b4 Ne5 18. Rd4 Bd7 19. Re4 Kf6 20. Rf4+ Ke6
21. Rxf8 Rxf8 22. Ne4 Ke7 23. Nc5 Bc8 24. Be4 g6 25. Kf1 Rd8 26. Ke1 Rd4 27.
Rd1 Rxb4 28. Bb1 Bf5 29. Bxf5 gxf5 30. Nb3 Ra4 31. Nc5 Rb4 32. Nb3 Ra4 33. Nc5
Rb4 1/2-1/2

[Event "22ème Open de Saint-Affrique"]
[Site "Saint Affrique (12)"]
[Date "2014.07.20"]
[Round "2.15"]
[White "Costa, Anthony"]
[Black "Roubaud, Alexandre"]
[Result "0-1"]
[WhiteElo "1764"]
[BlackElo "2171"]
[PlyCount "66"]
[EventDate "2014.??.??"]
[Source "Sylvain Rivier"]
[SourceDate "2014.07.26"]

1. e4 e5 2. Bc4 Bc5 3. Nf3 Nc6 4. d3 Nf6 5. Nc3 d6 6. O-O Bg4 7. h3 Bh5 8. Be3
Nd4 9. Bxd4 Bxd4 10. Nd5 Nxd5 11. Bxd5 c6 12. c3 Bb6 13. Bb3 Qf6 14. Qe2 O-O-O
15. Bd1 Rdg8 16. a4 a6 17. Qd2 Bxf3 18. Bxf3 h5 19. Qe2 Qh6 20. g3 Kb8 21. Bg2
g6 22. Kh2 f5 23. f4 h4 24. fxe5 hxg3+ 25. Kxg3 dxe5 26. Kh2 Qg5 27. Rf3 Rh4
28. Rg3 Qd8 29. Rd1 Bc7 30. Bf3 Rgh8 31. Qg2 g5 32. Kg1 g4 33. hxg4 f4 0-1

[Event "22ème Open de Saint-Affrique"]
[Site "Saint Affrique (12)"]
[Date "2014.07.20"]
[Round "2.16"]
[White "Youssoupov, Moisse"]
[Black "Lecoultre, Patrick"]
[Result "1-0"]
[WhiteElo "2169"]
[BlackElo "1702"]
[PlyCount "61"]
[EventDate "2014.??.??"]
[Source "Sylvain Rivier"]
[SourceDate "2014.07.26"]

1. d4 Nf6 2. Bf4 g6 3. e3 Bg7 4. Nf3 d6 5. Be2 Bg4 6. h3 Bxf3 7. Bxf3 c6 8. O-O
Qb6 9. Nd2 d5 10. c4 O-O 11. b4 Nbd7 12. b5 Rfe8 13. bxc6 bxc6 14. Qa4 e5 15.
Rab1 Qd8 16. Bh2 exd4 17. exd4 Ne4 18. Bxe4 dxe4 19. Qxc6 Bxd4 20. Nxe4 Rc8 21.
Qd5 Nb6 22. Qxd8 Rcxd8 23. Bc7 Rd7 24. Bxb6 Rxe4 25. Bxd4 Rexd4 26. Rfc1 Rd2
27. c5 Rxa2 28. c6 Rdd2 29. c7 Rxf2 30. c8=Q+ Kg7 31. Qc3+ 1-0

[Event "22ème Open de Saint-Affrique"]
[Site "Saint Affrique (12)"]
[Date "2014.07.20"]
[Round "2.17"]
[White "Bizeul, Pierre"]
[Black "Dussol, Pierre"]
[Result "0-1"]
[WhiteElo "1757"]
[BlackElo "2156"]
[PlyCount "38"]
[EventDate "2014.??.??"]
[Source "Sylvain Rivier"]
[SourceDate "2014.07.26"]

1. e4 g6 2. d4 Bg7 3. Nc3 c6 4. Be3 d5 5. f3 dxe4 6. fxe4 Nf6 7. Nf3 O-O 8. Qd2
b5 9. Bd3 Ng4 10. O-O-O Nxe3 11. Qxe3 b4 12. Ne2 Qa5 13. Bc4 Ba6 14. Bb3 Nd7
15. h4 c5 16. dxc5 Nxc5 17. Rd5 Nxb3+ 18. Qxb3 Qc7 19. Qe3 Qc4 0-1

[Event "22ème Open de Saint-Affrique"]
[Site "Saint Affrique (12)"]
[Date "2014.07.20"]
[Round "2.18"]
[White "Meunier, Clement"]
[Black "Jackson, Thomas"]
[Result "1-0"]
[WhiteElo "2132"]
[BlackElo "1694"]
[PlyCount "71"]
[EventDate "2014.??.??"]
[Source "Sylvain Rivier"]
[SourceDate "2014.07.26"]

1. d4 Nf6 2. c4 g6 3. Nc3 Bg7 4. e4 d6 5. Nf3 O-O 6. Be2 Nbd7 7. O-O c5 8. d5
Ne8 9. Qc2 Nc7 10. Be3 a6 11. Nd2 Rb8 12. a4 b6 13. Rae1 e5 14. Kh1 a5 15. Qc1
f5 16. f4 exf4 17. Bxf4 Ne5 18. exf5 Bxf5 19. Nde4 Ne8 20. Bg5 Qd7 21. Qd2 Rb7
22. h3 Bxe4 23. Rxf8+ Bxf8 24. Nxe4 Qxa4 25. Bh6 Bg7 26. Bxg7 Kxg7 27. Ng5 Kg8
28. Qf4 Nf7 29. Bd1 Qd7 30. Bg4 Qd8 31. Be6 Qf6 32. Bxf7+ Rxf7 33. Rxe8+ Kg7
34. Qxf6+ Rxf6 35. Ne6+ Kh6 36. Kg1 1-0

[Event "22ème Open de Saint-Affrique"]
[Site "Saint Affrique (12)"]
[Date "2014.07.20"]
[Round "2.19"]
[White "Ringuet, Noe"]
[Black "Noireaut, Hoan"]
[Result "1-0"]
[WhiteElo "2070"]
[BlackElo "1674"]
[PlyCount "63"]
[EventDate "2014.??.??"]
[Source "Sylvain Rivier"]
[SourceDate "2014.07.26"]

1. e4 d6 2. d4 Nf6 3. Nc3 g6 4. h3 Bg7 5. Nf3 O-O 6. Be3 Nbd7 7. e5 Ne8 8. e6
Nb6 9. exf7+ Rxf7 10. Ng5 Rf8 11. Bd3 d5 12. h4 Nf6 13. Ne2 Ng4 14. h5 Nxe3 15.
fxe3 e5 16. Nxh7 Kxh7 17. Bxg6+ Kg8 18. h6 Bxh6 19. Rxh6 Kg7 20. Nf4 Qg5 21.
Rh7+ Kg8 22. Qh5 Qxh5 23. Nxh5 Bf5 24. Rg7+ Kh8 25. Rh7+ Kg8 26. O-O-O Bxg6 27.
Rg7+ Kh8 28. Rxg6 Rf7 29. dxe5 Rh7 30. Nf6 Rh2 31. b3 c6 32. Rd4 1-0

[Event "22ème Open de Saint-Affrique"]
[Site "Saint Affrique (12)"]
[Date "2014.07.20"]
[Round "2.21"]
[White "Flaujac, Benoit"]
[Black "El Mchaouri Mas, Younes"]
[Result "0-1"]
[WhiteElo "1702"]
[BlackElo "2049"]
[PlyCount "47"]
[EventDate "2014.??.??"]
[Source "Sylvain Rivier"]
[SourceDate "2014.07.26"]

1. e4 c5 2. Nc3 Nc6 3. g3 g6 4. Bg2 Bg7 5. d3 d6 6. Be3 e6 7. Nge2 Nge7 8. O-O
O-O 9. d4 cxd4 10. Nxd4 Ne5 11. Qe2 d5 12. exd5 Nxd5 13. Nxd5 exd5 14. Qb5 Nc4
15. Bxd5 Nxb2 16. Rab1 Na4 17. Bxf7+ Rxf7 18. Qxa4 Bh3 19. Rfd1 Qd5 20. f3 Bxd4
21. Qxd4 Qxf3 22. Qd2 Raf8 23. Bf4 Rd7 24. Bd6 0-1

[Event "22ème Open de Saint-Affrique"]
[Site "Saint Affrique (12)"]
[Date "2014.07.20"]
[Round "2.22"]
[White "Zachary, Matheo"]
[Black "Noireaut, Hung"]
[Result "1/2-1/2"]
[WhiteElo "1701"]
[BlackElo "2007"]
[PlyCount "49"]
[EventDate "2014.??.??"]
[Source "Sylvain Rivier"]
[SourceDate "2014.07.26"]

1. e4 Nf6 2. e5 Nd5 3. d4 d6 4. c4 Nb6 5. exd6 cxd6 6. Nc3 g6 7. Be3 Bg7 8. Rc1
O-O 9. b3 e5 10. dxe5 dxe5 11. Qxd8 Rxd8 12. c5 N6d7 13. Bc4 Nc6 14. Nf3 Nd4
15. Ng5 Rf8 16. Nd5 Nxc5 17. Ne7+ Kh8 18. Bxd4 exd4 19. Nxf7+ Rxf7 20. Bxf7
Nd3+ 21. Ke2 Nxc1+ 22. Rxc1 Bd7 23. Rc7 Bb5+ 24. Bc4 Bxc4+ 25. bxc4 1/2-1/2